| 000 | 00905nam a2200277 a 4500 | ||
|---|---|---|---|
| 008 | 951212s1962||||CS 0 slo c | ||
| 040 |
_aSNK _bslo _cSNK _eAACR2 |
||
| 044 |
_axo _cSK |
||
| 080 | _a613+37.013-053.3/.4(035.5) | ||
| 080 | _a37.013-053.3/.4(035.5) | ||
| 080 | _a37.013 | ||
| 080 | _a613.053.3/.4(035.5) | ||
| 080 | _a618-083(035.3) | ||
| 100 | 1 | _aKlímová-Fügnerová, Mirka | |
| 245 | 1 | 0 |
_aNaše dieťa _bPred narodením. V prvom roku. V predškolskom veku _cMirka Klímová-Fügnerová ; Ján Považan, Peter Mišák, Milan Fabian, Eva Řeřábková |
| 260 |
_aBratislava _bOsveta _c1962 _eMartin _fTlačiarne SNP |
||
| 300 |
_b1 text. príl. Fot. Tb. Sch. _c25 cm |
||
| 500 | _aReg. | ||
| 700 | 1 |
_aPovažan, Ján _4prk |
|
| 700 | 1 |
_aMišák, Peter _4prk |
|
| 700 | 1 |
_aFabian, Milan _4gup |
|
| 700 | 1 |
_aŘeřábková, Eva _4gup |
|
| 020 | _c33,20 | ||
| 041 | _aslo | ||
| 958 | _aA | ||
| 999 |
_c19688 _d19688 |
||